Reconversión industrial en Centroamérica: diagnóstico de la industria metalmecánica /
La industria metalmecámica comprende una gran cantidad de actividades productivas, entre ellas, las industrias básicas del hierro y el acero, metales no ferrosos, cuchillerías y herramientas manuales, artículos de ferretería, muebles y accesorios metálicos, estructuras de hierro y acero, productos d...
Spremljeno u:
| Glavni autor: | |
|---|---|
| Format: | Tekst |
| Teme: | |
| Oznake: |
Dodaj oznaku
Bez oznaka, Budi prvi tko označuje ovaj zapis!
|
MARC
| LEADER | 00000 a a2200000 04500 | ||
|---|---|---|---|
| 001 | 16118 | ||
| 003 | |||
| 040 | |||
| 100 | |a Lima, Ricardo E. | ||
| 245 | |a Reconversión industrial en Centroamérica: |b diagnóstico de la industria metalmecánica / |c Ricardo E. Lima | ||
| 520 | |a La industria metalmecámica comprende una gran cantidad de actividades productivas, entre ellas, las industrias básicas del hierro y el acero, metales no ferrosos, cuchillerías y herramientas manuales, artículos de ferretería, muebles y accesorios metálicos, estructuras de hierro y acero, productos de aluminio, envases metálicos, maquinaria, equipo electrónico y no electrónico, entre otros, o sea comprende actividades de una gran heterogeneidad tecnológica. El trabajo se basa en visitas realizadas a distintas empresas centroamericanas que incluyen unidades de diversos tamaños, en especial medianas y grandes. Los bienes producidos son bastante variados incluyendo bienes intermedios, refacciones, bienes de consumo duradero y bienes de capital. Se agrega que sin duda, existen proyectos que necesitan modificaciones y mejoras tecnológicas para lo cual se necesita financiamiento específico, el mayor esfuerzo deberá dirigirse a concretar y llevar a la práctica programas que tiendan básicamente a capacitar, a la obtención de asistencias técnicas directas y al establecimineto de la infraestructura financiera. En cuanto a la tecnología, la experiencia señala que los proyectos que tienen éxito se basan en la fabricación de productos con ventajas comparativas |a se les aplican sistemas operativos eficientes y se controlan sus procesos productivos. OB/LOB | ||
| 650 | |a INDUSTRIA METALMECANICA | ||
| 650 | |a CAMBIO TECNOLOGICO | ||
| 650 | |a EXPORTACIONES | ||
| 650 | |a EMPLEO | ||
| 650 | |a PRODUCCION | ||
| 650 | |a COMERCIALIZACION | ||
| 650 | |a PRECIOS INDUSTRIALES | ||
| 650 | |a MERCADO INTERNO | ||
| 650 | |a INDUSTRIA METALMECANICA | ||
| 650 | |a EXPORTACIONES | ||
| 650 | |a EMPLEO | ||
| 773 | |g número 47; páginas 209-226 | ||
| 999 | |c 38485 |d 38485 | ||
